[Event "Schwarzach B"]
[Site "?"]
[Date "1997.08.23"]
[Round "1.1"]
[White "Wingender, Hans Peter"]
[Black "Wenisch, Thomas"]
[Result "1-0"]
[WhiteElo "1894"]
[BlackElo "1641"]
[PlyCount "51"]
[EventDate "1996.??.??"]

1. e4 e6 2. d4 d5 3. e5 c5 4. c3 Nc6 5. a3 Qb6 6. Nf3 cxd4 7. cxd4 Nge7 8. Bd3
{} 8... Nxd4 9. Nxd4 a6 10. Nf3 Nc6 11. O-O Be7 12. Nc3 Bd7 13. b4 O-O 14. Bf4
Rfc8 15. Rc1 Qa7 16. Re1 b5 17. Ng5 g6 18. Nxh7 Kxh7 19. Qh5+ Kg8 20. Bxg6 fxg6
21. Qxg6+ Kh8 22. Nxb5 axb5 23. Rc3 Qxa3 24. Rxa3 Rxa3 25. Qh5+ Kg7 26. Bh6+
1-0

[Event "Schwarzach B"]
[Site "?"]
[Date "1997.08.23"]
[Round "1.3"]
[White "Hutz, Gerhard"]
[Black "Huber, Albert"]
[Result "1/2-1/2"]
[WhiteElo "1892"]
[BlackElo "1641"]
[PlyCount "88"]
[EventDate "1996.??.??"]

1. e4 e6 2. Nc3 d5 3. d4 Nf6 4. e5 Nfd7 5. f4 a6 6. Be3 c5 7. Qg4 h5 8. Qg3 Qb6
9. O-O-O cxd4 10. Bxd4 Qa5 11. f5 Nc5 12. Bxc5 Qxc5 13. fxe6 Bxe6 14. Qd3 Nc6
15. Nf3 O-O-O 16. g3 g6 17. Bg2 Bh6+ 18. Kb1 Kb8 19. Rhe1 d4 20. Ne4 Qb6 21. c3
dxc3 22. Qxc3 Rxd1+ 23. Rxd1 Bf5 24. Nh4 Bxe4+ 25. Bxe4 Rc8 26. a3 Na5 27. Qd4
Qxd4 28. Rxd4 Re8 29. Bd5 Re7 30. Re4 Bg5 31. Nf3 Bh6 32. Nd4 Rc7 33. b4 {}
33... Nc4 34. Nc6+ Rxc6 35. Rxc4 Rxc4 36. Bxc4 Kc7 37. Bxf7 Bg7 38. Bxg6 h4 39.
g4 Bxe5 40. h3 Bf4 41. Kc2 Kd6 42. Kd3 Ke5 43. Kc4 b6 44. b5 a5 1/2-1/2

[Event "Schwarzach B"]
[Site "?"]
[Date "1997.08.23"]
[Round "1.4"]
[White "Weiss, Johann"]
[Black "Becker, Thomas"]
[Result "1/2-1/2"]
[WhiteElo "1608"]
[BlackElo "1882"]
[PlyCount "74"]
[EventDate "1996.??.??"]

1. e4 c5 2. Nf3 e6 3. c4 d6 4. d4 cxd4 5. Nxd4 Nc6 6. Nxc6 bxc6 7. Bd3 Nf6 8.
Nc3 Be7 9. O-O O-O 10. b3 e5 11. Bg5 Be6 12. Qd2 Nd7 13. Bxe7 Qxe7 14. Rad1
Rfd8 15. Qe3 h6 16. Rd2 a5 17. f4 exf4 18. Qxf4 Ne5 19. Be2 f6 20. Rfd1 Qa7+
21. Kh1 Qc5 22. h4 Nf7 23. Na4 Qe5 24. Qxe5 dxe5 25. Bh5 Rxd2 26. Bxf7+ Kxf7
27. Rxd2 Ke7 28. Nc5 Bg4 29. Kg1 Ra7 30. Kf2 Bh5 31. Ke3 Bg6 32. g3 f5 33. exf5
Bxf5 34. a3 h5 35. Rf2 g6 36. Rd2 Ra8 37. Nb7 Ra7 1/2-1/2

[Event "Schwarzach B"]
[Site "?"]
[Date "1997.08.23"]
[Round "1.5"]
[White "Walkner, Karl"]
[Black "Bauernhuber, Reinhard"]
[Result "1-0"]
[WhiteElo "1849"]
[BlackElo "1606"]
[PlyCount "67"]
[EventDate "1996.??.??"]

1. e4 e6 2. d4 d5 3. Nc3 dxe4 4. Nxe4 Nf6 5. Bd3 Be7 6. Nf3 O-O 7. O-O Nc6 8.
Nxf6+ Bxf6 9. c3 g6 10. Bh6 Re8 11. Re1 b6 12. Be4 Bb7 13. b4 b5 14. Qd3 a6 15.
Nd2 Qd6 16. Qf3 Bg7 17. Bf4 e5 18. dxe5 Qe6 19. Bd5 Qd7 20. Rad1 Bxe5 21. Nb3
Bd6 22. Rxe8+ Rxe8 23. Bxd6 cxd6 24. Qf6 Qe7 25. Qxe7 Rxe7 26. Kf1 Rd7 27. f4
Kg7 28. Kf2 h5 29. Bf3 h4 {} 30. Nc5 Rc7 31. Nxb7 Nb8 32. Nxd6 Rxc3 33. Rd2
Nd7 34. Nxf7 1-0

[Event "Schwarzach B"]
[Site "?"]
[Date "1997.08.23"]
[Round "1.6"]
[White "Finker, Oliver"]
[Black "Loeb, Walter"]
[Result "0-1"]
[WhiteElo "1594"]
[BlackElo "1844"]
[PlyCount "92"]
[EventDate "1996.??.??"]

1. d4 c5 2. dxc5 e5 3. Nc3 Bxc5 4. Nf3 Nc6 5. e3 Nf6 6. Bc4 O-O 7. O-O d6 8. a3
Bg4 9. Be2 Rc8 10. b4 Bb6 11. Bb2 a5 12. bxa5 Bxa5 13. Nb5 Ne4 14. h3 Be6 15.
c4 Ne7 16. Rc1 Qb6 17. a4 Rfd8 18. Ba3 Nc5 19. Rb1 Qa6 20. Ra1 d5 21. Qb1 dxc4
22. Nxe5 Bf5 23. Qa2 Rd2 24. Qxc4 {} 24... Be6 25. Qxc5 Rxc5 26. Bxc5 Nc6 27.
Nxc6 bxc6 28. Nd4 Rxe2 29. Nxe2 Qxe2 30. Rfb1 h6 31. Bd4 Bf5 32. Rb8+ Kh7 33.
Ra8 Be1 34. e4 Bxe4 35. Re8 c5 36. Bxc5 Bc3 37. Rc1 Bb2 38. Rf1 Qc4 39. Rb8 Be5
40. Rb4 Qc2 41. Be3 Qc6 42. f3 Bc2 43. Rb5 Qc3 44. Bf2 Bxa4 45. Rc5 Qb2 46. Re1
Bd4 0-1

[Event "Schwarzach B"]
[Site "?"]
[Date "1997.08.23"]
[Round "1.8"]
[White "Fuchs, Egon"]
[Black "Bundt, Bernhard"]
[Result "1/2-1/2"]
[WhiteElo "1588"]
[BlackElo "1840"]
[PlyCount "92"]
[EventDate "1996.??.??"]

1. c4 c5 2. Nc3 g6 3. g3 Bg7 4. Bg2 Nc6 5. e3 Nf6 6. Nge2 O-O 7. O-O Ne5 8. d3
d6 9. b3 Rb8 10. Bb2 Bg4 11. f3 Bf5 12. e4 Bd7 13. d4 cxd4 14. Nxd4 a6 15. Kh1
h5 16. Nd5 Re8 17. Nxf6+ Bxf6 18. Qd2 h4 19. g4 g5 20. h3 Ng6 21. Ne2 Bxb2 22.
Qxb2 b5 23. Qd2 e5 24. Rfd1 bxc4 25. Qxd6 Be6 26. Qxa6 Qc7 27. Qd6 Qa7 28. Qd2
f6 29. b4 Re7 30. Qd6 Kf7 31. Nc3 Nf4 32. b5 Rd7 33. Qc6 Rbb7 34. Rxd7+ Rxd7
35. b6 Qa3 36. Rd1 Rxd1+ 37. Nxd1 Qc1 38. Qc7+ Kg6 39. Qd6 c3 40. Kh2 Qc2 41.
Ne3 Qb2 42. Qc7 Nxg2 43. Nxg2 c2 44. b7 c1=Q 45. Qxc1 Qxc1 46. b8=Q Bxa2
1/2-1/2

[Event "Schwarzach B"]
[Site "?"]
[Date "1997.08.23"]
[Round "1.9"]
[White "Schmid, Hans"]
[Black "Schiner, Peter"]
[Result "0-1"]
[WhiteElo "1839"]
[BlackElo "1578"]
[PlyCount "112"]
[EventDate "1996.??.??"]

1. d4 Nf6 2. c4 d6 3. Nc3 g6 4. Nf3 Bg7 5. e4 c6 6. Be2 O-O 7. O-O Nbd7 8. Qc2
Re8 9. Rd1 Qc7 10. h3 e5 11. d5 c5 12. a4 a5 13. Nb5 Qb6 14. Nd2 Nb8 15. Nb3
Na6 16. f3 Nb4 17. Qd2 Nh5 18. Bf1 Nf4 19. Qf2 g5 20. Qg3 Qd8 21. Bd2 f6 22.
Rab1 f5 23. Nc3 h6 24. Be1 Kh7 25. Nc1 Rf8 26. b3 Bf6 27. Rb2 Qe7 28. Bd3 Nbxd3
29. Nxd3 Nxd3 30. Rxd3 f4 31. Qh2 Bd7 32. Kf1 Kg6 33. Ke2 h5 34. Bf2 b6 35. g3
Bc8 36. Rb1 Rh8 37. gxf4 exf4 38. Rg1 Kf7 39. Kd2 Bd7 40. Ne2 Rag8 41. Kc2 Qe5
42. Rb1 {} 42... g4 43. hxg4 hxg4 44. Qxf4 Rh2 45. Qe3 g3 46. f4 Qh5 47. Nxg3
Rxg3 48. Qxg3 Qe2+ 49. Rd2 Qxe4+ 50. Rd3 Qe2+ 51. Rd2 Bf5+ 52. Kc1 Rh1+ 53. Bg1
Qe4 54. Rbb2 Bxb2+ 55. Kxb2 Qb1+ 56. Kc3 Qc1+ 0-1

[Event "Schwarzach B"]
[Site "?"]
[Date "1997.08.23"]
[Round "1.10"]
[White "Wahl, Gerhard"]
[Black "Stadlober, Gerold"]
[Result "0-1"]
[WhiteElo "1570"]
[BlackElo "1829"]
[PlyCount "94"]
[EventDate "1996.??.??"]

1. e4 c5 2. Nf3 d6 3. d4 cxd4 4. Nxd4 Nf6 5. Nc3 g6 6. Bc4 Bg7 7. O-O O-O 8.
Re1 Qc7 9. Bb3 a6 10. Bg5 Nbd7 11. Qe2 b5 12. a3 Bb7 13. Rad1 Rfe8 14. Bxf6
Bxf6 15. Rd2 Nc5 16. Bd5 e6 17. Bxb7 Nxb7 18. Qf3 Bg7 19. Re3 {} 19... Bh6 20.
Rdd3 Bxe3 21. Qxe3 Nc5 22. Rd2 f5 23. h4 fxe4 24. b4 Nd7 25. Nxe4 d5 26. Ng5 e5
27. Nde6 Qd6 28. Qf3 Re7 29. Qxd5 Qxd5 30. Rxd5 h6 31. Ne4 Kf7 32. Nc7 Ra7 33.
Nd6+ Kf8 34. Ncxb5 axb5 35. Nxb5 Ra8 36. Kf1 Rc8 37. c3 Nf6 38. Rd6 Kg7 39. f3
Ne8 40. Rd3 Rb7 41. Nd6 Nxd6 42. Rxd6 Rxc3 43. Ra6 Rcc7 44. Ra5 Ra7 45. Rxe5
Rxa3 46. Re4 Rb3 47. g4 Rxf3+ 0-1

[Event "Schwarzach B"]
[Site "?"]
[Date "1997.08.24"]
[Round "2.2"]
[White "Hochmayer, Georg"]
[Black "Walkner, Karl"]
[Result "1/2-1/2"]
[WhiteElo "1684"]
[BlackElo "1849"]
[PlyCount "93"]
[EventDate "1996.??.??"]

1. d4 d5 2. Nf3 Nf6 3. c4 e6 4. Nc3 c5 5. Bg5 cxd4 6. Qxd4 Nc6 7. Qd1 Bb4 8.
cxd5 Qxd5 9. Bxf6 Qxd1+ 10. Rxd1 gxf6 11. Rc1 Bd7 12. e3 Rd8 13. a3 Ba5 14. g3
Rc8 15. Bd3 h5 16. Ke2 Ke7 17. Ne4 Ne5 18. Nxe5 fxe5 19. Nc5 Bc6 20. Rhd1 Bb6
21. b4 f5 22. Ke1 Rhd8 23. Be2 h4 24. Rxd8 Rxd8 25. Nd3 Kf6 26. Nb2 hxg3 27.
hxg3 Rh8 28. Nc4 Rh1+ 29. Kd2 Rxc1 30. Kxc1 Bc7 31. Kd2 e4 32. Kc3 e5 33. Nd2
a6 34. f4 exf3 35. Nxf3 Bd5 36. Ne1 Bb6 37. Kd2 a5 38. Nd3 axb4 39. axb4 Bc4
40. Kc3 Bb5 41. Kd2 Bc6 42. g4 Bc7 43. gxf5 Kxf5 44. Nf2 e4 45. Bg4+ Ke5 46.
Be2 Bd6 47. Kc3 1/2-1/2

[Event "Schwarzach B"]
[Site "?"]
[Date "1997.08.24"]
[Round "2.3"]
[White "Loeb, Walter"]
[Black "Lentner, Gerwald"]
[Result "1-0"]
[WhiteElo "1844"]
[BlackElo "1691"]
[PlyCount "49"]
[EventDate "1996.??.??"]

1. e4 Nf6 2. Nc3 d5 3. exd5 Nxd5 4. d4 e6 5. Nf3 Be7 6. Bd3 Nd7 7. O-O O-O 8.
Re1 Nxc3 9. bxc3 b6 10. Qe2 Bb7 11. Bf4 Bf6 12. Rad1 Re8 13. Be4 c6 14. Ne5 Qc8
15. Qf3 Bxe5 16. Bxe5 Nxe5 17. dxe5 Qc7 18. Rd6 Rac8 19. Red1 Re7 20. Qd3 g6
21. Qf3 {} 21... c5 22. Bxb7 Qxb7 23. Rd8+ Kg7 24. Qf6+ Kh6 25. R1d3 1-0

[Event "Schwarzach B"]
[Site "?"]
[Date "1997.08.24"]
[Round "2.4"]
[White "Steiner, Dietmar"]
[Black "Poffers, Adriaan"]
[Result "1/2-1/2"]
[WhiteElo "1972"]
[BlackElo "1844"]
[PlyCount "119"]
[EventDate "1996.??.??"]

1. e4 g6 2. Nf3 Bg7 3. d4 d6 4. c3 Nf6 5. Bd3 Nbd7 6. Bg5 e5 7. Nbd2 O-O 8. O-O
h6 9. Bh4 Qe8 10. Re1 Nh5 11. Qc2 Nf4 12. Bg3 Nxd3 13. Qxd3 Nb6 14. b3 Qe7 15.
Rac1 Bf6 16. h3 g5 17. Nh2 Bg7 18. Nc4 Nxc4 19. Qxc4 Be6 20. d5 Bc8 21. Qd3 f5
22. f3 h5 23. Qe2 f4 24. Bf2 Rf6 25. c4 Bf8 26. Rc2 Qg7 27. Rec1 Rg6 28. Kf1 g4
29. hxg4 hxg4 30. fxg4 Bxg4 31. Nf3 Be7 32. c5 Bxf3 33. Qxf3 Rf8 34. Kg1 Rf7
35. cxd6 Bxd6 36. Rc3 b6 37. R1c2 Qf8 38. Qh3 Rh7 39. Qf3 Qh6 40. Kf1 Qh1+ 41.
Bg1 Bc5 42. Rxc5 bxc5 43. Rxc5 Rg3 44. Qf2 Rhg7 45. Rc2 f3 46. Rxc7 Rxg2 47.
Rxg7+ Rxg7 48. Qh2 Qg2+ 49. Qxg2 Rxg2 50. Bxa7 Rxa2 51. Bb8 Re2 52. Bxe5 Rxe4
53. Bc7 Rd4 54. d6 Kf7 55. b4 Ke6 56. b5 Rxd6 57. Bxd6 Kxd6 58. Kf2 Kc5 59. b6
Kxb6 60. Kxf3 1/2-1/2

[Event "Schwarzach B"]
[Site "?"]
[Date "1997.08.24"]
[Round "2.5"]
[White "Stadlober, Gerold"]
[Black "Riemelmoser, Otto"]
[Result "1-0"]
[WhiteElo "1829"]
[BlackElo "1677"]
[PlyCount "41"]
[EventDate "1996.??.??"]

1. e4 c5 2. Nf3 d6 3. d4 cxd4 4. Nxd4 a6 5. Be2 Nf6 6. Nc3 Nc6 7. f4 e6 8. Be3
Be7 9. Qd2 O-O 10. Nb3 b5 11. a3 Bb7 12. Bf3 b4 13. axb4 Nxb4 14. Na5 Qc7 15.
Nxb7 Qxb7 16. O-O Nd7 17. Ne2 Nc6 18. b3 Qc7 19. g4 f5 {} 20. exf5 exf5 21.
Qd5+ 1-0

[Event "Schwarzach B"]
[Site "?"]
[Date "1997.08.24"]
[Round "2.6"]
[White "Schoerghofer, Hans"]
[Black "Mooslechner, Peter"]
[Result "0-1"]
[WhiteElo "1670"]
[BlackElo "1823"]
[PlyCount "64"]
[EventDate "1996.??.??"]

1. e4 d5 2. exd5 Nf6 3. Nf3 Nxd5 4. d4 g6 5. c4 Nb6 6. Be3 Bg7 7. Bd3 Nc6 8.
Be2 Bg4 9. O-O O-O 10. c5 Nd5 11. Nc3 Nxe3 12. fxe3 Bh6 13. Qd2 e6 14. h3 Bxf3
15. Bxf3 Qg5 16. Rae1 Rfd8 17. Qf2 Qe7 18. Bxc6 bxc6 19. Qf3 Rab8 20. b3 e5 {}
21. Qxc6 exd4 22. exd4 Qd7 23. Qxd7 Rxd7 24. Re4 c6 25. Rd1 Rbd8 26. Ne2 Rd5
27. g4 Rxc5 28. Re7 Rc2 29. Ng3 Rxa2 30. Ne4 Be3+ 31. Kf1 Kf8 32. Rc7 Re8 0-1

[Event "Schwarzach B"]
[Site "?"]
[Date "1997.08.24"]
[Round "2.7"]
[White "Erlacher, Herbert"]
[Black "Eder, Herbert"]
[Result "1/2-1/2"]
[WhiteElo "1820"]
[BlackElo "1670"]
[PlyCount "131"]
[EventDate "1996.??.??"]

1. Nf3 Nf6 2. c4 g6 3. g3 Bg7 4. Bg2 d6 5. O-O c5 6. Nc3 O-O 7. d3 Nc6 8. a3
Rb8 9. Bd2 Ng4 10. h3 Nge5 11. Nxe5 Bxe5 12. Bh6 Re8 13. e3 Bd7 14. Rb1 Qc8 15.
Kh2 f5 16. Ne2 Bf6 17. b4 e5 18. h4 Nd8 19. Bg5 Bg7 20. Bxd8 Rxd8 21. b5 b6 22.
Bd5+ Be6 23. Nc3 e4 24. Bxe6+ Qxe6 25. Nd5 Rb7 26. a4 Re8 27. Qd2 exd3 28. Qxd3
Qe4 29. Rbd1 Qxd3 30. Rxd3 Re4 31. Rc1 Kf7 32. Rc2 h6 33. f3 Ree7 34. Nxe7 Rxe7
35. Kg2 Re6 36. Re2 g5 37. hxg5 hxg5 38. Rd5 Kg6 39. Kf2 Be5 40. f4 gxf4 41.
gxf4 Bf6 42. e4 Bd4+ 43. Kf3 fxe4+ 44. Rxe4 Rf6 45. Re7 Be5 46. Rexe5 dxe5 47.
Rxe5 Rf7 48. Ke4 Rd7 49. Rd5 Re7+ 50. Kd3 Kf6 51. a5 Rb7 52. axb6 axb6 53. Rh5
Rd7+ 54. Kc3 Rb7 55. Rd5 Rb8 56. Kd3 Rb7 57. Ke4 Re7+ 58. Kf3 Ra7 59. Rd6+ Kf5
60. Rxb6 Ra4 61. Rc6 Rxc4 62. b6 Rxf4+ 63. Ke3 Rb4 64. Rxc5+ Ke6 65. Rc6+ Kd5
66. Rh6 1/2-1/2

[Event "Schwarzach B"]
[Site "?"]
[Date "1997.08.24"]
[Round "2.8"]
[White "Schiner, Peter"]
[Black "Reck, Bruno"]
[Result "0-1"]
[WhiteElo "1578"]
[BlackElo "1806"]
[PlyCount "88"]
[EventDate "1996.??.??"]

1. f4 d5 2. Nf3 c5 3. g3 Nc6 4. Bg2 Nf6 5. O-O g6 6. c3 Bg7 7. d3 O-O 8. Qe1
Re8 9. Ne5 Ng4 10. Nxg4 Bxg4 11. h3 Bc8 12. e4 e6 13. Nd2 Bd7 14. Qf2 d4 15. c4
Nb4 16. Qe2 Nc2 17. Rb1 Ne3 18. Rf2 Nxg2 19. Kxg2 Bc6 20. a3 a5 21. b4 axb4 22.
axb4 b6 23. bxc5 bxc5 24. Nb3 Qe7 25. Qe1 f5 26. Nd2 e5 27. Kh2 exf4 28. gxf4
fxe4 29. Nxe4 Bxe4 30. Re2 Qf7 31. Rxe4 Rxe4 32. Qxe4 Re8 33. Qd5 {} 33...
Qxd5 34. cxd5 Rd8 35. Ba3 Rxd5 36. Rb8+ Bf8 37. Kg3 Kf7 38. Rb7+ Be7 39. Kf3
Ke6 40. Ke4 Rh5 41. Rb6+ Bd6 42. h4 Rxh4 43. Rxd6+ Kxd6 44. Kf3 Rh3+ 0-1

[Event "Schwarzach B"]
[Site "?"]
[Date "1997.08.24"]
[Round "2.9"]
[White "Junger, Gerald"]
[Black "Klein, Martin"]
[Result "1-0"]
[WhiteElo "1786"]
[BlackElo "1653"]
[PlyCount "87"]
[EventDate "1996.??.??"]

1. e4 e5 2. Nf3 Nc6 3. Bb5 d6 4. d4 exd4 5. Nxd4 Bd7 6. Bxc6 bxc6 7. O-O Nf6 8.
Re1 Be7 9. c4 O-O 10. Nc3 Re8 11. Qc2 Bf8 12. b3 Ng4 13. h3 Ne5 14. Bb2 Qg5 15.
Re3 f6 16. Rg3 Qh5 17. Nce2 Re7 18. Nf3 Rae8 19. Nxe5 fxe5 20. Rd3 Re6 21. Ng3
Qf7 22. Rad1 c5 23. Ba3 Rf6 24. Bxc5 Bxh3 25. Bxa7 Bg4 26. f3 Be6 27. Be3 Rg6
28. Qf2 Qf6 29. a4 Qh4 30. Ne2 Qh5 31. Kf1 Be7 32. Ng1 Bh4 33. Qe2 Rf8 34. Bf2
Rf4 35. Bxh4 Qxh4 36. Qf2 Qg5 37. a5 h5 38. a6 Rf8 39. Qd2 Qe7 40. c5 dxc5 41.
a7 c6 42. Qa5 c4 43. Rd8 cxb3 44. Rxf8+ 1-0

[Event "Schwarzach B"]
[Site "?"]
[Date "1997.08.24"]
[Round "2.10"]
[White "Thonig, Manfred"]
[Black "Hasewend, Wolfgang"]
[Result "0-1"]
[WhiteElo "1530"]
[BlackElo "1773"]
[PlyCount "75"]
[EventDate "1996.??.??"]

1. f4 Nf6 2. b3 e6 3. Bb2 c5 4. e3 d5 5. Nf3 Be7 6. Ne5 Nbd7 7. g4 Nxe5 8. fxe5
Ne4 9. Bb5+ Bd7 10. Bxd7+ Qxd7 11. O-O c4 12. d3 cxd3 13. cxd3 Nc5 14. Qf3 O-O
15. e4 Rad8 16. Nc3 {} 16... dxe4 17. Nxe4 Qxd3 18. Nd6 Qxf3 19. Rxf3 Bxd6 20.
exd6 Rxd6 21. Raf1 f6 22. Be5 Rd5 23. Bg3 Ne4 24. Bf4 Nd2 25. Bxd2 Rxd2 26. a4
Rc8 27. g5 Rcc2 28. Rg3 f5 29. h4 Rh2 30. Rd1 Rhd2 31. Re1 e5 32. h5 f4 33. Rg4
f3 34. Rf1 e4 35. g6 hxg6 36. hxg6 Rg2+ 37. Rxg2 Rxg2+ 38. Kh1 0-1

[Event "Schwarzach B"]
[Site "?"]
[Date "1997.08.25"]
[Round "3.1"]
[White "Wingender, Hans Peter"]
[Black "Graf, Jutta"]
[Result "1/2-1/2"]
[WhiteElo "1894"]
[BlackElo "1751"]
[PlyCount "52"]
[EventDate "1996.??.??"]

1. c4 Nf6 2. g3 d6 3. Bg2 g6 4. Nc3 Bg7 5. e4 Nbd7 6. Nge2 O-O 7. d4 h6 8. O-O
e5 9. d5 Ne8 10. Be3 Nb6 11. Qd3 Bd7 12. b4 Nc8 13. a4 Ne7 14. Ra2 Qc8 15. c5
Bh3 16. Nb5 Bxg2 17. Kxg2 a6 18. cxd6 cxd6 19. Rc2 Qd7 20. Nbc3 f5 21. Qd2 f4
22. gxf4 Qg4+ 23. Kh1 Qf3+ 24. Kg1 Qg4+ 25. Kh1 Qf3+ 26. Kg1 Qg4+ 1/2-1/2

[Event "Schwarzach B"]
[Site "?"]
[Date "1997.08.25"]
[Round "3.2"]
[White "Hasewend, Wolfgang"]
[Black "Loeb, Walter"]
[Result "1/2-1/2"]
[WhiteElo "1773"]
[BlackElo "1844"]
[PlyCount "66"]
[EventDate "1996.??.??"]

1. e4 c6 2. d4 d5 3. Nd2 g6 4. e5 h5 5. Ngf3 Nh6 6. Be2 Bg4 7. h3 Bxf3 8. Nxf3
a6 9. c3 Qb6 10. Qc2 c5 11. Bg5 Nc6 12. O-O cxd4 13. cxd4 Nf5 14. Rad1 Bg7 15.
Be3 O-O 16. a3 Rac8 17. Qd2 Na5 18. b4 Nc4 19. Bxc4 Rxc4 20. Rc1 Rfc8 21. g4
hxg4 22. hxg4 Nxe3 23. Qxe3 Qc6 24. Rxc4 Qxc4 25. Rd1 Qc2 26. Rd3 Qb1+ 27. Kg2
Rc1 28. Rc3 Rxc3 29. Qxc3 Qe4 30. Kg3 Bf8 31. Ng5 Qh1 32. Qc7 Qg1+ 33. Kf3 Qd1+
1/2-1/2

[Event "Schwarzach B"]
[Site "?"]
[Date "1997.08.25"]
[Round "3.3"]
[White "Reiter, Johann"]
[Black "Stadlober, Gerold"]
[Result "1/2-1/2"]
[WhiteElo "1756"]
[BlackElo "1829"]
[PlyCount "125"]
[EventDate "1996.??.??"]

1. c4 Nf6 2. Nc3 d6 3. d4 g6 4. e4 Bg7 5. Bg5 O-O 6. Be2 c6 7. Qd2 e5 8. d5
cxd5 9. cxd5 a6 10. h4 h5 11. f3 Qb6 12. Be3 Qa5 13. Nh3 Nbd7 14. a3 b5 15. b4
Qd8 16. Nf2 Nb6 17. Bg5 Bd7 18. Nfd1 Rc8 19. Nb2 Qc7 20. Rc1 Qb7 21. O-O Rc7
22. Na2 Rfc8 23. Rxc7 Rxc7 24. Rc1 Ne8 25. Rxc7 Qxc7 26. Qc3 Qb7 27. Be3 f5 28.
Bd3 fxe4 29. Bxe4 Nf6 30. Bxb6 Qxb6+ 31. Kf1 Be8 32. Nc1 Kh7 33. Nb3 Bf7 34.
Qd3 Qc7 35. Nd1 Nd7 36. Qc3 Qxc3 37. Nxc3 Nb6 38. Na5 Bh6 39. Ke2 Bc1 40. Nb7
Nc4 41. a4 bxa4 42. Nxa4 Be8 43. Bd3 Bb5 44. Nc3 Ba3 {} 45. Nxb5 axb5 46. Bxc4
bxc4 47. Nxd6 c3 48. Kd3 Bxb4 49. Nc4 Kg7 50. d6 Kf6 51. d7 Be7 52. Kxc3 Kf5
53. g3 Ke6 54. Kd3 Kd5 55. Ne3+ Ke6 56. Ke4 Kxd7 57. Nc4 Ke6 58. Nxe5 g5 59.
hxg5 Bxg5 60. f4 Be7 61. Nf3 Kf6 62. Nh4 Bd8 63. f5 1/2-1/2

[Event "Schwarzach B"]
[Site "?"]
[Date "1997.08.25"]
[Round "3.5"]
[White "Reck, Bruno"]
[Black "Zozin, Walter"]
[Result "0-1"]
[WhiteElo "1806"]
[BlackElo "1747"]
[PlyCount "51"]
[EventDate "1996.??.??"]

1. d4 Nf6 2. c4 e5 3. d5 Bb4+ 4. Bd2 Qe7 5. a3 Bxd2+ 6. Nxd2 e4 7. e3 d6 8. Ne2
Bg4 9. Qb3 Bxe2 10. Qxb7 O-O 11. Bxe2 Nbd7 12. Qb3 Nc5 13. Qc2 a5 14. b3 Nfd7
15. O-O Qe5 16. b4 {} 16... axb4 17. Nb3 bxa3 18. Nd4 Rfb8 19. Rfb1 Rxb1+ 20.
Rxb1 Qf6 21. Ra1 Ne5 22. Ra2 Ned3 23. Bf1 Nb4 24. Qd2 Nxa2 25. Qxa2 Nd3 26. f3
0-1

[Event "Schwarzach B"]
[Site "?"]
[Date "1997.08.25"]
[Round "3.6"]
[White "Kinzlinger, Georg"]
[Black "Saugspier, Mario"]
[Result "1/2-1/2"]
[WhiteElo "1720"]
[BlackElo "1713"]
[PlyCount "27"]
[EventDate "1996.??.??"]

1. e4 c6 2. Nc3 d5 3. Nf3 dxe4 4. Nxe4 Bf5 5. Ng3 Bg6 6. Bc4 e6 7. d4 Nd7 8.
Bd3 Bxd3 9. Qxd3 Ngf6 10. O-O Bd6 11. Re1 Qc7 12. Nf5 O-O 13. Nxd6 Qxd6 14. Bg5
1/2-1/2

[Event "Schwarzach B"]
[Site "?"]
[Date "1997.08.25"]
[Round "3.7"]
[White "Ljubic, Franjo sen"]
[Black "Bergthaler, Josef"]
[Result "1/2-1/2"]
[WhiteElo "1643"]
[BlackElo "1893"]
[PlyCount "92"]
[EventDate "1996.??.??"]

1. d4 Nf6 2. g3 g6 3. Bg2 Bg7 4. Nf3 d6 5. Bg5 h6 6. Bc1 c5 7. dxc5 Qa5+ 8. Qd2
Qxc5 9. Qc3 Na6 10. O-O Nh5 11. Qxc5 Nxc5 12. c3 O-O 13. Be3 b6 14. Nd4 Bb7 15.
Nc6 Rfe8 16. Nb4 Bxg2 17. Kxg2 Na4 18. Bc1 Rac8 19. Nd2 Nf6 20. Rb1 d5 21. e3
e6 22. Nb3 e5 23. Rd1 Red8 24. Bd2 Nc5 25. Nxc5 bxc5 26. Nd3 e4 27. Nf4 g5 28.
Ne2 Ng4 29. Be1 Ne5 30. b3 Nd3 31. Bd2 Rc6 32. Nc1 Ne5 33. a4 Nf3 34. Na2 Ra6
35. Be1 f5 36. h3 Kf7 37. Kf1 Ke6 38. c4 Nxe1 39. Kxe1 d4 40. exd4 Bxd4 41. Ke2
Rd7 42. f3 exf3+ 43. Kxf3 Kf6 44. Rd3 Re7 45. Nc3 Bxc3 46. Rxc3 Rb6 1/2-1/2

[Event "Schwarzach B"]
[Site "?"]
[Date "1997.08.25"]
[Round "3.8"]
[White "Hutz, Gerhard"]
[Black "Philippe, Denis"]
[Result "0-1"]
[WhiteElo "1892"]
[BlackElo "1803"]
[PlyCount "82"]
[EventDate "1996.??.??"]

1. e4 c6 2. Nc3 d5 3. d4 dxe4 4. Nxe4 Nd7 5. Nf3 Ngf6 6. Ng3 e6 7. Bc4 Be7 8.
O-O O-O 9. c3 c5 10. Be3 b6 11. Qc2 Qc7 12. dxc5 Bxc5 13. Bxc5 Nxc5 14. Rfe1
Bb7 15. Nd4 Bd5 16. Bxd5 Nxd5 17. Qe2 Qb7 18. Nh5 Rae8 19. c4 Ne7 20. b4 Nd7
21. Nb5 Nf5 22. Rad1 Rd8 23. Qg4 g6 24. Qg5 h6 25. Qg4 Kh7 26. Nf4 Nf6 27. Qh3
a6 28. Nc3 Qe7 29. g4 Rxd1 30. Nxd1 Ng7 31. g5 Ng8 32. gxh6 Nf5 {} 33. Nd5
Qg5+ 34. Kh1 exd5 35. cxd5 Qd2 36. Rg1 Qxd5+ 37. f3 Re8 38. Nf2 Nd4 39. Rg3
Re1+ 40. Kg2 Nf5 41. Rg5 Ne3+ 0-1

[Event "Schwarzach B"]
[Site "?"]
[Date "1997.08.25"]
[Round "3.9"]
[White "Eder, Herbert"]
[Black "Becker, Thomas"]
[Result "0-1"]
[WhiteElo "1670"]
[BlackElo "1882"]
[PlyCount "130"]
[EventDate "1996.??.??"]

1. e4 c5 2. Nf3 e6 3. d4 cxd4 4. Nxd4 Nf6 5. Nc3 d6 6. g4 Nc6 7. g5 Nd7 8. h4
a6 9. Be3 Qc7 10. f4 b5 11. Bh3 Nc5 12. f5 b4 13. fxe6 fxe6 14. Nxe6 Bxe6 15.
Nd5 Bxd5 16. Qxd5 Nd7 17. O-O-O O-O-O 18. Bf4 Kb8 19. Bxd6 Qxd6 20. Qxd6+ Bxd6
21. Rxd6 Kc7 22. Rhd1 Nde5 23. R6d5 Rxd5 24. exd5 Nb8 25. d6+ Kb6 26. Rd4 Nbc6
27. Rd5 Ng6 28. Rf5 Nxh4 29. Rf7 g6 30. d7 Kc7 31. Bf1 a5 32. Bb5 Nf5 33. d8=Q+
Kxd8 34. Bxc6 Ne7 35. Ba4 h5 36. gxh6 Rxh6 37. Rf8+ Kc7 38. Ra8 Kb6 39. Rd8 g5
40. Rd7 Nf5 41. Rd5 Rh1+ 42. Kd2 Rd1+ 43. Kxd1 Ne3+ 44. Ke2 Nxd5 45. Kf3 Nf6
46. Bb3 Kb5 47. Bf7 Kc5 48. Ke3 Nd5+ 49. Ke4 Nb6 50. b3 Nc8 51. Be6 Nd6+ 52.
Kd3 Nb5 53. Ke4 Nd4 54. Bf7 Nxc2 55. Kf5 Nd4+ 56. Kxg5 Nb5 57. Kf4 Kd4 58. Bg8
{} 58... Nc3 59. Kf5 Nxa2 60. Kf6 Nc1 61. Ke7 Kc3 62. Kd6 Nxb3 63. Kc6 a4 64.
Kb5 a3 65. Ka4 a2 0-1

[Event "Schwarzach B"]
[Site "?"]
[Date "1997.08.25"]
[Round "3.10"]
[White "Walkner, Karl"]
[Black "Colic, Senad"]
[Result "1-0"]
[WhiteElo "1849"]
[BlackElo "1774"]
[PlyCount "101"]
[EventDate "1996.??.??"]

1. e4 e5 2. Nf3 d6 3. d4 exd4 4. Qxd4 Nc6 5. Bb5 Bd7 6. Bxc6 Bxc6 7. O-O Qf6 8.
Qe3 Ne7 9. c4 b6 10. Nc3 O-O-O 11. a4 h6 12. a5 g5 13. axb6 axb6 14. b4 Bg7 15.
Bb2 Qg6 16. Nd4 Rhe8 17. Nxc6 Nxc6 18. c5 dxc5 19. bxc5 Bd4 20. Qe2 Bxc5 21.
Ra8+ Kd7 22. Rd1+ Bd6 23. Rxd8+ Kxd8 24. Qb5 Ke7 25. Nd5+ Kf8 26. Nf6 Re6 27.
Nd7+ Ke7 28. e5 Kxd7 29. exd6 Rxd6 30. Rc1 Qd3 31. Qa4 b5 32. Qa1 f5 33. h3 Nd4
34. Bxd4 Qxd4 35. Qa2 Rd5 36. Qa6 Qb6 37. Qa8 Qd6 38. Re1 Re5 39. Rc1 c6 40.
Qa7+ Qc7 41. Qd4+ Ke6 42. Qb4 Qd6 43. Qb3+ Rd5 44. Re1+ Kf6 45. Qc3+ Kg6 46.
Qh8 Qd7 {} 47. Qg8+ Kh5 48. Re6 Rd1+ 49. Kh2 Qd6+ 50. Rxd6 Rxd6 51. Qf7+ 1-0

[Event "Schwarzach B"]
[Site "?"]
[Date "1997.08.26"]
[Round "4.1"]
[White "Zozin, Walter"]
[Black "Wingender, Hans Peter"]
[Result "0-1"]
[WhiteElo "1747"]
[BlackElo "1894"]
[PlyCount "78"]
[EventDate "1996.??.??"]

1. f4 d5 2. b3 Bf5 3. Nf3 Nf6 4. Bb2 e6 5. e3 Be7 6. Be2 c5 7. Bb5+ Nbd7 8.
Bxd7+ Nxd7 9. d3 O-O 10. O-O Qb6 11. Qe1 Bf6 12. Ne5 Nxe5 13. fxe5 Be7 14. Nd2
Rfd8 15. Qg3 Qb4 16. Nf3 Rac8 17. a4 Qg4 18. Qf2 Qg6 19. Nh4 Bxh4 20. Qxh4 Rd7
21. Rf3 Qg4 22. Qf2 Qg5 23. Rg3 Qd8 24. Qf4 c4 25. Qh6 Bg6 26. Qf4 {} 26...
cxb3 27. c3 Bxd3 28. Qg4 Bg6 29. Rd1 Rc4 30. Rd4 Qc7 31. h4 h5 32. Qd1 Rxd4 33.
exd4 Qc4 34. Qa1 a5 35. Re3 Bf5 36. Qa3 b5 37. axb5 Qxb5 38. Re1 Be4 39. Ra1
Qe2 0-1